000 00218nam a22000857a 4500
008 160701b xxu||||| |||| 00| 0 eng d
100 _91667
_a Aggarwal, M.L
245 _aMathematics - XII
260 _aNew Delhi
_bArya
_c2003
999 _c1385
_d1385